<?xml version="1.0" encoding="UTF-8"?><?xml-stylesheet type="text/xsl" href="static/style.xsl"?><OAI-PMH xmlns="http://www.openarchives.org/OAI/2.0/" xmlns:xsi="http://www.w3.org/2001/XMLSchema-instance" xsi:schemaLocation="http://www.openarchives.org/OAI/2.0/ http://www.openarchives.org/OAI/2.0/OAI-PMH.xsd"><responseDate>2026-04-29T15:04:01Z</responseDate><request verb="GetRecord" identifier="oai:repisalud.isciii.es:20.500.12105/5195" metadataPrefix="marc">https://repisalud.isciii.es/rest/oai/request</request><GetRecord><record><header><identifier>oai:repisalud.isciii.es:20.500.12105/5195</identifier><datestamp>2025-04-02T08:28:08Z</datestamp><setSpec>com_20.500.12105_2203</setSpec><setSpec>com_20.500.12105_2202</setSpec><setSpec>col_20.500.12105_19585</setSpec></header><metadata><record xmlns="http://www.loc.gov/MARC21/slim" xmlns:dcterms="http://purl.org/dc/terms/" xmlns:doc="http://www.lyncode.com/xoai" xmlns:xsi="http://www.w3.org/2001/XMLSchema-instance" xsi:schemaLocation="http://www.loc.gov/MARC21/slim http://www.loc.gov/standards/marcxml/schema/MARC21slim.xsd">
   <leader>00925njm 22002777a 4500</leader>
   <datafield ind2=" " ind1=" " tag="042">
      <subfield code="a">dc</subfield>
   </datafield>
   <datafield ind2=" " ind1=" " tag="720">
      <subfield code="a">Instituto de Salud Carlos III. Gabinete de prensa</subfield>
      <subfield code="e">author</subfield>
   </datafield>
   <datafield ind2=" " ind1=" " tag="260">
      <subfield code="c">2006-02-27</subfield>
   </datafield>
   <datafield ind2=" " ind1=" " tag="520">
      <subfield code="a">Nota de prensa sobre la inauguración por parte de SS.MM. los Reyes de la nueva sede del Centro Nacional de Investigaciones Cardiovasculares (CNIC). El nuevo edificio, de 23.000 metros cuadrados, tiene capacidad para acoger a más de 300 científicos y cuenta con equipamiento tecnológico de última generación. La construcción y dotación de la sede del CNIC ha supuesto una inversión superior a los 50 millones de euros. El objetivo del CNIC, bajo la dirección científica de Valentín Fuster, es liderar la investigación cardiovascular en España y consolidarse como centro de referencia internacional. La estructura del CNIC será flexible tanto en su financiacion, con la participación de las empresas privadas, como en su organización, que incluirá investigadores en plantilla y científicos colaboradores de otros centros. Hasta el año 2012, el centro contará con una dotación de 166 millones de euros procedentes de fondos públicos y otros 100 millones adicionales que aportarán trece de las principales empresas españolas, a través de la Fundación ProCNIC.</subfield>
   </datafield>
   <datafield ind1="8" ind2=" " tag="024">
      <subfield code="a">http://hdl.handle.net/20.500.12105/5195</subfield>
   </datafield>
   <datafield tag="653" ind2=" " ind1=" ">
      <subfield code="a">Centro Nacional de Investigaciones Cardiovasculares (CNIC)</subfield>
   </datafield>
   <datafield ind2="0" ind1="0" tag="245">
      <subfield code="a">SS.MM. los Reyes han inaugurado hoy en Madrid la nueva sede del Centro Nacional de Investigaciones Cardiovasculares (CNIC)</subfield>
   </datafield>
</record></metadata></record></GetRecord></OAI-PMH>